书目信息 |
| 题名: |
高碳汇生态景观规划设计
|
|
| 作者: | 成玉宁 著 | |
| 分册: | ||
| 出版信息: | 北京 中国建筑工业出版社 2025.02 |
|
| 页数: | 291页 | |
| 开本: | 26cm | |
| 丛书名: | 碳中和城市与绿色智慧建筑系列教材 | |
| 单 册: | ||
| 中图分类: | TU-023 | |
| 科图分类: | ||
| 主题词: | 建筑学--基础理论 | |
| 电子资源: | ||
| ISBN: | 978-7-112-30798-2 | |
| 000 | 01047nam0 2200253 450 | |
| 001 | 2532836005 | |
| 005 | 20251205092728.56 | |
| 010 | @a978-7-112-30798-2@dCNY89.00 | |
| 100 | @a20251205d2025 km y0chiy0120 ea | |
| 101 | 0 | @achi |
| 102 | @aCN@b110000 | |
| 200 | 1 | @a高碳汇生态景观规划设计@AGao Tan Hui Sheng Tai Jing Guan Gui Hua She Ji@f成玉宁著@FCheng Yu Ning Zhu |
| 210 | @a北京@c中国建筑工业出版社@d2025.02 | |
| 215 | @a291页@d26cm | |
| 225 | 2 | @a碳中和城市与绿色智慧建筑系列教材 |
| 300 | @a本书从前期规划、系统规划、生态设计、数智施工及运维、资源循环利用、碳汇绩效评价六个方面阐明生态系统增汇减排效能的机制与方法, 为未来高碳汇生态景观规划设计提供了有价值的参考和启示, 推动“双碳 ” 目标的实现。 | |
| 410 | 0 | @12001 @a碳中和城市与绿色智慧建筑系列教材 |
| 503 | @n河南城建学院图书馆 | |
| 510 | 1 | @a= High carbon sink ecological landscape plan and design |
| 606 | 0 | @a建筑学@x基础理论 |
| 690 | @aTU-023@v4 | |
| 701 | 0 | @a成玉宁@ACheng Yu Ning@4著 |
| 801 | 0 | @aCN@b大连网信软件有限公司图书馆·11@c20251205 |
| 905 | @aZUCC@dTU-023@eC721 | |
| 高碳汇生态景观规划设计/成玉宁著.-北京:中国建筑工业出版社,2025.02 |
| 291页;26cm.-(碳中和城市与绿色智慧建筑系列教材) |
| 本书从前期规划、系统规划、生态设计、数智施工及运维、资源循环利用、碳汇绩效评价六个方面阐明生态系统增汇减排效能的机制与方法, 为未来高碳汇生态景观规划设计提供了有价值的参考和启示, 推动“双碳 ” 目标的实现。 |
| ISBN 978-7-112-30798-2:CNY89.00 |
| ● |
| 相关链接 |
|
|
|
正题名:高碳汇生态景观规划设计
索取号:TU-023/C721
 
预约/预借
| 序号 | 登录号 | 条形码 | 馆藏地/架位号 | 状态 | 备注 |
| 1 | 1556570 | 215565706 | 建筑与城市规划学院资料室/ [索取号:TU-023/C721] | 在馆 | |
| 2 | 1556571 | 215565715 | 建筑与城市规划学院资料室/ [索取号:TU-023/C721] | 在馆 |